| 000 | 00967nam a2200217 a 4500 | ||
|---|---|---|---|
| 001 | 000564811 | ||
| 003 | AM-YEHGA | ||
| 005 | 20250618080155.0 | ||
| 008 | 080125s1904 ru |||||||||||||||0|arm|d | ||
| 040 | _aAM-YeHGA | ||
| 041 | 0 | _aarm | |
| 100 | 1 |
_aԲուդուղյան, Արտաշես Հովհաննեսի, _d1864-1915 _92958 |
|
| 245 | 1 | 0 |
_aԳործարան թէ երկրագործութիւն : _b(Երկրագործական աշխատանքը, իբրև հիմք ժողովրդի բարեկեցութեան և առողջութեան) / _cԲժ. Ա. Բուդուղեան. |
| 260 |
_aՍ. Պետերբուրգ : _b«Պուշկինեան արագատիպ» տպարան, _c1904. |
||
| 300 |
_a60 էջ ; _c18 սմ. |
||
| 500 | _aԱլիգ. 3 : | ||
| 501 | _aԿազմված է՝ Ա. Բուդուղեան` Ստամոքսի կատարրը.-Ս. Պետերբուրգ, 1903... | ||
| 650 | 1 | 4 |
_aԵրկրագործություն _94976 |
| 942 |
_2udc _cBK |
||
| 090 | _c570736 | ||
| 999 |
_c531879 _d531879 |
||